000 02757nas1a22003851 4500
001 RU\NLR\INFOCOMM55\5000168702
005 20050122124753.0
035 _a(NLR Aleph) 002416698
090 _a1866344
_c1866344
100 _a20050122c1858 u y0rusy50 ca
101 0 _arus
102 _aRU
110 _aafuzz 0|y|
200 1 _aЧас досуга
_eЖурн. игр, забав и увеселит. чтения для рус. юношества
_eЕжемес. период. изд., предпринятое несколькими рус. дамами
207 0 _aГ.1-[6]
210 _aСПб.
_d1858-1863
300 _aТакже м/ф
440 0 _12001#$aЧас досуга молоденьких девушек (10-16-летнего возраста)
_tЧас досуга молоденьких девушек (10-16-летнего возраста)
801 0 _aRU
_bNLR
_gPSBO
801 1 _aRU
_bInfoComm
_c20050122
852 _aNLR
_j2/1727
942 _cJOURNAL
980 _aNB